| 000 | 01616nam a2200289 a 4500 | ||
|---|---|---|---|
| 001 | ASIN1592536204 | ||
| 003 | OSt | ||
| 005 | 20180116192417.0 | ||
| 008 | 130726s2010 xxu eng d | ||
| 020 |
_a1592536204 (library binding) _c$30.00 |
||
| 020 | _a9781592536207 | ||
| 020 | _a9781592536207 (library binding) | ||
| 040 | _c00 | ||
| 082 | _a745.4 | ||
| 100 | 1 |
_aFriedenberg, Jay. _96751 |
|
| 245 | 1 | 0 |
_a1001 symmetrical patterns : _ba complete resource of pattern designs created by evolving symmetrical shapes / _cJay Friedenberg and Jacob Roesch. |
| 250 | _aPap/Cdr ed. | ||
| 260 |
_aBeverly : _bRockport Publishers, _c2010. |
||
| 300 |
_a208 p. ; _c23 cm. |
||
| 520 | _aArtists, graphic designers, and craftspeople are always looking for new sources of inspiration and new ideas to incorporate into their work. This book is an extensive print and electronic library of symmetrical patterns in changing arrangements and colorways, inspired by traditional iconic motifs found in various cultures throughout history. The patterns are suited to many applications, including quilt, tile, fabric, jewelry, architectural, product, website, and graphic design. The enclosed CD-ROM allows the reader to reproduce, resize, or otherwise modify all of the designs for his or her own purposes. | ||
| 650 |
_aRepetitive patterns (Decorative arts) _96752 |
||
| 650 |
_aSymmetry (Art) _96753 |
||
| 700 | 1 |
_aRoesch, Jacob. _96754 |
|
| 856 | 4 | 0 |
_3Amazon.com _uhttp://www.amazon.com/exec/obidos/ASIN/1592536204/chopaconline-20 |
| 942 |
_2ddc _cBK |
||
| 999 |
_c353751 _d353751 |
||